Statistics for Introduced Bird Species of the USA

Click here to take the quiz!

General Stats

  • This quiz has been taken 25 times
  • The average score is 13 of 20

Answer Stats

Answer% Correct
Indian Peafowl
100%
Mute Swan
100%
House Sparrow
95%
European Starling
85%
Red Junglefowl
85%
Rock Pigeon
85%
Eurasian Collared-dove
75%
House Finch
70%
Muscovy Duck
70%
Common Myna
65%
Monk Parakeet
65%
Egyptian Goose
60%
Ring-necked Pheasant
60%
Chukar
55%
Zebra Dove
55%
Red-crested Cardinal
50%
Saffron Finch
40%
Red-crowned Parrot
35%
Red-whiskered Bulbul
35%
Scaly-breasted Munia
35%

Score Distribution

Percentile by Number Answered

Percent of People with Each Score

Your Score History

You have not taken this quiz